| 000 | 01009cab a22002295a 4500 | ||
|---|---|---|---|
| 001 | L141959 | ||
| 008 | 080116e20080112xxk f 000 0 eng d | ||
| 035 | _a(Sirsi) u141959 | ||
| 041 | 0 | _aeng | |
| 100 | 1 | _aDowden, Malcolm | |
| 245 | 0 | 0 | _aTurning new corners |
| 260 | _c2008 | ||
| 490 |
_aEstates Gazette _v(0801) 12 January 2008, 124-126(3) |
||
| 520 | _aReports on the government's plans for the commercial property sector. Considers the validity of the contribution of Commercial and Residential Energy Performance Certificates toward a low-carbon economy. Addresses the issue of climate change adaptation, which is being led by DEFRA and the GLA. Summarises the effects and details of the empty business rates regulations. | ||
| 590 | _aKA | ||
| 650 | 2 | 4 | _aRESIDENTIAL ENERGY PERFORMANCE CERTIFICATES |
| 650 | 2 | 4 | _aCOMMERCIAL ENERGY PERFORMANCE CERTIFICATES |
| 650 | 2 | 4 | _aRATING (EMPTY PROPERTIES) ACT 2007 |
| 651 | 4 |
_aUnited Kingdom _y |
|
| 690 | _aPROPERTY-COMMERCIAL PROPERTY | ||
| 942 | _n0 | ||
| 999 |
_c79672 _d79672 |
||